Sách trắng công nghệ thông tin và truyền thông Việt Nam 2021 : Thông tin và số liệu thống kê

Sách trắng 2021 cung cấp thông tin, số liệu năm 2020 về tất cả các lĩnh vực do bộ Thông tin và Truyền thông quản lý là : Bưu chính, Viễn thông, Ứng dụng công nghệ thông tin, An toàn thông tin mạng, Công nghiệp công nghệ thông tin - điện tử viê...

Volledige beschrijving

Bewaard in:
Bibliografische gegevens
Coauteur: Bộ Thông tin và Truyền thông
Formaat: Boek
Taal:Vietnamese
Gepubliceerd in: H. Thông tin và Truyền thông 2021
Onderwerpen:
Tags: Voeg label toe
Geen labels, Wees de eerste die dit record labelt!
Thư viện lưu trữ: Thư viện Trường Đại học Nam Cần Thơ
LEADER 01523nam a22001937a 4500
001 NCT_143811
008 200328b xxu||||| |||| 00| 0 vie d
999 |c 7405  |d 7405 
020 |a 9786048059095  |c 220000 
082 0 4 |2 23rd ed.  |a 004.6  |b S102T 
110 1 |a Bộ Thông tin và Truyền thông 
245 1 0 |a Sách trắng công nghệ thông tin và truyền thông Việt Nam 2021 :   |b Thông tin và số liệu thống kê  |c Bộ Thông tin và Truyền thông 
260 |a H.  |b Thông tin và Truyền thông  |c 2021 
300 |a 91 tr.  |b Minh họa  |c 24cm 
520 3 |a Sách trắng 2021 cung cấp thông tin, số liệu năm 2020 về tất cả các lĩnh vực do bộ Thông tin và Truyền thông quản lý là : Bưu chính, Viễn thông, Ứng dụng công nghệ thông tin, An toàn thông tin mạng, Công nghiệp công nghệ thông tin - điện tử viễn thông, Báo chí truyền thông. So với các năm trước đây, sách trắng 2021 đã bổ sung thêm nhiều số liệu mới liên quan đến việc phát triển Chính phủ số, kinh tế số và xã hội số. 
653 |a Công nghệ thông tin 
942 |2 ddc  |c BK 
952 |0 0  |1 0  |2 ddc  |4 0  |6 004_600000000000000_S102T  |7 0  |9 26601  |a 000001  |b 000001  |d 2023-01-06  |o 004.6 S102T  |p MD.21021  |r 2023-01-06  |v 220000.00  |w 2023-01-06  |y BK 
980 |a Thư viện Trường Đại học Nam Cần Thơ